| 000 | 00361nam a2200157Ia 4500 | ||
|---|---|---|---|
| 008 | 230917s9999||||xx |||||||||||||| ||und|| | ||
| 020 | _cRS25 | ||
| 040 |
_e6657 _aMAIN |
||
| 041 | _aEnglish | ||
| 082 | _a153.753 R18S | ||
| 100 | _aRao, Rama | ||
| 245 | 0 | _aStudies in time perception | |
| 260 |
_aNew Delhi _bConcept _c1978 |
||
| 300 | _a127 p. | ||
| 942 | _cBK | ||
| 999 |
_c42529 _d42529 |
||